000 00403nam a2200157Ia 4500
008 230711s9999||||xx |||||||||||||| ||und||
020 _a81-8189-072-8
041 _aENG
082 _a630
_bDA-M
100 _aDasgupta, Dilip Kumar
245 0 _aModren Concepts in Agriculture
260 _c2005
_aLucknow
_bInternational Book Distributing Co.
300 _a152p.
650 _aAgriculture
942 _cBK
999 _c7578
_d7578